Τεχνολογίες διάθεσης απορριμμάτων : η υγειονομική ταφή
Αποθηκεύτηκε σε:
| Κύριος συγγραφέας: | |
|---|---|
| Μορφή: | Βιβλίο |
| Γλώσσα: | Greek |
| Δημοσίευση: |
Αθήνα :
Ιων,
1993
|
| Θέματα: | |
| Ετικέτες: |
Προσθήκη ετικέτας
Δεν υπάρχουν, Καταχωρήστε ετικέτα πρώτοι!
|
MARC
| LEADER | 00000cam a2200000 i 4500 | ||
|---|---|---|---|
| 001 | 1/83399 | ||
| 008 | 990602s1993 gre d | ||
| 020 | |a 960-405-432-5 | ||
| 035 | |l 10051338 | ||
| 040 | |a GR-MY-UA |b gre |e aacr | ||
| 041 | 0 | |a gre | |
| 082 | 0 | |a 628.44564 | |
| 100 | 1 | |a Σκορδίλης, Αδαμάντιος Δ. | |
| 245 | 1 | 0 | |a Τεχνολογίες διάθεσης απορριμμάτων : |b η υγειονομική ταφή / |c Αδαμαντίου Δ. Σκορδίλη |
| 260 | |a Αθήνα : |b Ιων, |c 1993 | ||
| 300 | |a 250 σ. | ||
| 504 | |a Περιέχει ευρετήριο | ||
| 650 | 0 | 0 | |a Refuse and refuse disposal. |
| 650 | 0 | 0 | |a Sanitary landfills |x Design and construction. |
| 852 | |a INST |b LESVOS |e 19990602 |h 628.44564 ΣΚΟ |p 005100016018 |q 005100016018 |t BK |y 0 | ||
| 909 | |a Λ |b 065963 | ||
| 970 | |z 2000/05/ΟΙΚΟΝΟΜΟΠΟΥΛΟΥ ΧΡΙΣΤΙΝΑ | ||